000 01470cam a22002054a 4500
005 20250605164055.0
008 250528s ||||||||||||||||||||||||d
035 _a17417
020 _a9603516384
040 _aGR-AtMCL
_bgre
_dGR-AtMCL
_eAACR2
245 1 _aΒασικό Μάρκετινγκ / Έρευνα Αγοράς & Ανάπτυξη Πωλήσεων
250 _a
260 _bΣταμούλης,
_c2006
300 _a244
520 _aΤο βιβλιο περιγράφει με επιστημονικό και παράλληλα κατανοητό τρόπο τη θεωρία του Marketing και την εφαρμογή του. Η Έννοια του Μάρκετινγκ και της Αγοράς, Η Αγορά και το Περιβάλλον της, Τμηματοποίηση Αγοράς (Market Segmentation), Η Καταναλωτική Συμπεριφορά και η Έρευνα Αγοράς, Μάρκετινγκ και Καταναλωτής, ΈΈρευνα Μάρκετινγκ, Μείγμα Μάρκετινγκ (Δυναμική Ανάλυση), Πολιτική Προϊόντος, Ονομασία Προϊόντος, Συσκευασία Προϊόντος (Packaging), Πολιτική Διανομής, Πολιτική Επικοινωνίας, Τιμή, Συμπληρωματική Βιβλιογραφία.
700 1 _aΓαλάνης Βασίλειος
_93572
942 _cBK
999 _c2838
_d2838